[Event "4NCL 2012-13"]
[Site "Staverton ENG"]
[Date "2013.02.23"]
[Round "5.118"]
[White "Granat,R"]
[Black "Arakhamia-Grant,K"]
[Result "0-1"]
[WhiteElo "2218"]
[BlackElo "2414"]

1.e4 d5 2.exd5 Qxd5 3.Nc3 Qd6 4.d4 Nf6 5.Be3 a6 6.Bd3 Nc6 7.Nge2 e5 8.Ne4 Nxe4
9.Bxe4 Bd7 10.O-O O-O-O 11.f4 exd4 12.Nxd4 Re8 13.Bxc6 Bxc6 14.Nxc6 Qxc6
15.Bd4 h5 16.Qd3 Re4 17.c3 Bc5 18.Rae1 Bxd4+ 19.cxd4 Rhe8 20.Rxe4 Qxe4 21.Qd2 Qe3+
22.Qf2 Qxf2+ 23.Kxf2 Re4 24.Kg3 Rxd4 25.Rf2 g6 26.Kh4 f6 27.g4 hxg4 28.Kxg4 Kd7
29.h4 Ke6 30.a3 c6 31.Rf3 Rd5 32.Rb3 b5 33.a4 Rd4 34.axb5 axb5 35.Re3+ Kd7
36.h5 gxh5+ 37.Kf5 c5 38.Rf3 Ke7 39.Kg6 h4 40.Re3+ Kd7 41.f5 Rd6 42.Kf7 c4
43.b3 Kc6 44.bxc4 bxc4 45.Ke7 Kd5 46.Re6 Rc6 47.Kd7 Rc5 48.Rxf6 c3 49.Rd6+ Ke5
50.f6 c2 51.f7 Rc7+ 52.Kxc7 c1=Q+ 53.Kd7 Qf4 54.Re6+ Kd5 55.Ke7 Qc7+ 56.Kf6 Qd8+
57.Kf5 Qc8  0-1

[Event "ch-ROU 2013"]
[Site "Baile Olanesti ROU"]
[Date "2013.02.24"]
[Round "11.21"]
[White "Mihailov,I"]
[Black "Vladescu,F"]
[Result "1/2-1/2"]
[WhiteElo "2112"]
[BlackElo "2225"]

1.e4 d5 2.exd5 Qxd5 3.Nc3 Qd6 4.d4 Nf6 5.g3 c6 6.Bg2 Bg4 7.Nf3 e6 8.O-O Be7
9.a3 O-O 10.Be3 Na6 11.h3 Bxf3 12.Qxf3 Nc7 13.Bf4 Qd8 14.Be5 Ncd5 15.Ne2 Nd7
16.c4 Nxe5 17.dxe5 Nb6 18.Rfd1 Qc7 19.Qe4 Rad8 20.Nf4 Rxd1+ 21.Rxd1 Rd8 22.Bf3 a5
23.Be2 Rxd1+ 24.Bxd1 Nd7 25.Be2 g6 26.Nd3 Nc5 27.Qd4 Nxd3 28.Bxd3 b6 29.h4 Bc5
30.Qf4 Qd7 31.Be4 b5 32.Qf3 bxc4 33.Bxc6 Qc7 34.Qe4 Qb6 35.Qf3 Qxb2 36.Be8 Qb1+
37.Kg2 Qf5 38.Qxf5 gxf5 39.Kf3 Bxa3 40.Ke2 Bc5 41.f4 Kf8 42.Ba4 Ke7 43.Bc2 h6
44.Kf3 f6 45.g4 fxg4+ 46.Kxg4 fxe5 47.fxe5 Bd4 48.Kf4 Kd7 49.Ba4+ Kc7 50.Ke4 Bf2
51.Bb5 c3 52.Kd3 Bd4 53.Ba4 Bxe5 54.h5 Kd6 55.Kc4 Bg7 56.Bc2 Ke7 57.Kb5 Kf6
58.Kxa5 Ke5 59.Kb4 Kd4 60.Kb3 e5 61.Bf5 e4 62.Kc2 Ke3 63.Bg4 Kf2 64.Bd1 Bf6
65.Bg4 Bd4 66.Bd1 Be5 67.Bg4 Ke1 68.Bd1 Bf6 69.Bg4 Bd4 70.Bf5 e3 71.Bg4 Kf2
72.Kd3 Bf6 73.Bd1 Be5 74.Bg4 Bd4 75.Bd1 e2 76.Bxe2 c2 77.Kxc2 Kxe2 78.Kc1 Be3+
79.Kc2 Bd2 80.Kb1 Kd3 81.Kb2 Be3 82.Kb1 Bf4 83.Kb2  1/2-1/2

[Event "ch-ROU 2013"]
[Site "Baile Olanesti ROU"]
[Date "2013.02.24"]
[Round "11.33"]
[White "Patrascu,Catalin-Lucian"]
[Black "Csaszar,Attila"]
[Result "1/2-1/2"]
[WhiteElo "1937"]
[BlackElo "2083"]

1.e4 d5 2.exd5 Qxd5 3.Nc3 Qd6 4.d4 Nf6 5.Bc4 a6 6.a4 Qc6 7.Bf1 Bg4 8.f3 Bf5
9.Kf2 Nbd7 10.Bd3 Bxd3 11.Qxd3 O-O-O 12.Nge2 Kb8 13.d5 Qb6+ 14.Be3 Qb4 15.Rhd1 Nb6
16.Qf5 g6 17.Qg5 h6 18.Qf4 Qxf4 19.Nxf4 g5 20.Bxb6 cxb6 21.Nfe2 Bg7 22.Ng3 Rhe8
23.Nf5 Bf8 24.Ne3 Rd7 25.Nc4 e5 26.dxe6 Rxe6 27.Rxd7 Nxd7 28.Re1  1/2-1/2

[Event "TCh-CZE Div1 Zapad 2012-13"]
[Site "Czech Republic CZE"]
[Date "2013.02.24"]
[Round "8.1"]
[White "Rasik,V"]
[Black "Jirovsky,M"]
[Result "1-0"]
[WhiteElo "2516"]
[BlackElo "2453"]

1.e4 d5 2.exd5 Qxd5 3.Nc3 Qd6 4.d4 Nf6 5.Nf3 c6 6.Ne5 Nbd7 7.Nc4 Qc7 8.Qf3 Nb6
9.Bf4 Qd8 10.Be5 Be6 11.Ne3 Nfd5 12.Nexd5 Nxd5 13.Bc4 f6 14.Bg3 Qd7 15.O-O Bg4
16.Qe4 Nb6 17.Bb3 Rd8 18.h3 Bh5 19.Ne2 Bg6 20.Qf3 Qf5 21.Qe3 Nd5 22.Qd2 e6
23.c4 Bb4 24.Qc1 Ne7 25.c5 Ba5 26.Bd6 Nd5 27.Bxd5 cxd5 28.b4 Bxb4 29.Qb2 a5
30.a3 Qc2 31.Qxc2 Bxc2 32.axb4 axb4 33.Ra2 b3 34.Rb2 b6 35.Nc1 bxc5 36.Bxc5 Rb8
37.Nxb3 Bf5 38.Ra1 Kf7 39.Ra4 Rhc8 40.Raa2 e5 41.Nd2 exd4 42.Bxd4 Rxb2 43.Rxb2 Rc1+
44.Kh2 Rd1 45.Kg3 h5 46.f3 Bd3 47.Kf2 Kg6 48.Be3 Kf5 49.Rb3 Ba6 50.Rb1 Rxb1
51.Nxb1 h4 52.Bd4 g5 53.Nc3 Ke6 54.Bb6 Bc4 55.Ne2 Kf5 56.Bc7 Kg6 57.Nd4 Bd3
58.Bd8 Ba6 59.f4 Bc8 60.Nf3 gxf4 61.Nxh4+ Kg5 62.Nf3+ Kf5 63.Bb6 Bd7 64.Bd4 Be8
65.Nh2 Bh5 66.Ng4 Bxg4 67.hxg4+ Kxg4 68.Bxf6  1-0

[Event "TCh-CZE Div1 Zapad 2012-13"]
[Site "Czech Republic CZE"]
[Date "2013.02.24"]
[Round "8.5"]
[White "Liuba,Volodymyr"]
[Black "Londyn,R"]
[Result "0-1"]
[WhiteElo "2184"]
[BlackElo "2339"]

1.e4 d5 2.exd5 Qxd5 3.Nc3 Qd6 4.d4 Nf6 5.Nf3 g6 6.Ne5 Bg7 7.Bf4 Nd5 8.Nxd5 Qxd5
9.Be2 Qxg2 10.Bf3 Qh3 11.Qe2 O-O 12.O-O-O Qe6 13.Kb1 f6 14.d5 Qa6 15.Nd3 e5
16.dxe6 Bxe6 17.a3 Bf7 18.Rhe1 Nc6 19.Nc5 Qxe2 20.Rxe2 Rad8 21.Red2 Rxd2
22.Rxd2 f5 23.Bxc7 Rc8 24.Bxc6 Rxc7 25.Rd8+ Bf8 26.Nd7 Rxc6 27.Nxf8 Kg7 28.b3 g5
29.c4 Rh6 30.Nd7 Rxh2 31.Ne5 Kf6 32.Nd3 f4 33.Rd7 Bg6  0-1

[Event "29th Open"]
[Site "Cappelle la Grande FRA"]
[Date "2013.02.25"]
[Round "3.156"]
[White "Rosenauer,Ho"]
[Black "Leks,M"]
[Result "0-1"]
[WhiteElo "1885"]
[BlackElo "2083"]

1.e4 d5 2.exd5 Qxd5 3.Nc3 Qd6 4.d4 Nf6 5.Nf3 a6 6.Bc4 Bg4 7.Be3 Nc6 8.h3 Bh5
9.g4 Bg6 10.Ne5 Nxe5 11.dxe5 Qxe5 12.Qe2 Be4 13.f4 Qa5 14.Rg1 O-O-O 15.Bxf7 e5
16.fxe5 Qxe5 17.Bd2 Rxd2 18.Kxd2 Qd4+ 19.Kc1 Qxg1+ 20.Nd1 Bd6  0-1

[Event "29th Open"]
[Site "Cappelle la Grande FRA"]
[Date "2013.02.27"]
[Round "6.36"]
[White "Ambartsumova,K"]
[Black "Kurajica,B"]
[Result "1-0"]
[WhiteElo "2294"]
[BlackElo "2539"]

1.e4 d5 2.exd5 Qxd5 3.Nc3 Qd6 4.d4 Nf6 5.Nf3 a6 6.Be2 Nbd7 7.O-O e6 8.Be3 b5
9.Ne5 Bb7 10.Bf3 Nxe5 11.Bxb7 Neg4 12.g3 Nxe3 13.fxe3 Rb8 14.Qf3 Be7 15.Ne4 Qb6
16.Bc6+ Kf8 17.Nxf6 gxf6 18.Rad1 Rg8 19.c3 Rg5 20.Kh1 Rf5 21.Qg2 Rxf1+ 22.Rxf1 Rd8
23.Be4 Kg7 24.Qf3 f5 25.Bc2 h5 26.Qxh5 Qc6+ 27.e4 b4 28.Qf3 bxc3 29.bxc3 Bg5
30.exf5 Qxf3+ 31.Rxf3 c5 32.fxe6 fxe6 33.dxc5 Rc8 34.Bb3 e5 35.Rf7+ Kg6 36.h4 Bd2
37.Rd7 Bxc3 38.Rd6+ Kg7 39.c6 Bb4 40.Re6  1-0

[Event "29th Open"]
[Site "Cappelle la Grande FRA"]
[Date "2013.02.27"]
[Round "6.51"]
[White "Blomqvist,E"]
[Black "Borsuk,A"]
[Result "1-0"]
[WhiteElo "2465"]
[BlackElo "2250"]

1.e4 d5 2.exd5 Qxd5 3.Nc3 Qd6 4.d4 Nf6 5.Nf3 a6 6.g3 Bg4 7.Bg2 Nc6 8.O-O O-O-O
9.d5 Ne5 10.Bf4 Nxf3+ 11.Bxf3 Bxf3 12.Qxf3 Qd7 13.Rad1 Qh3 14.Rfe1 h5 15.Ne4 Ng4
16.Qg2 Qxg2+ 17.Kxg2 f6 18.h4 b6 19.c4 Nh6 20.Bxh6 Rxh6 21.Nd2 f5 22.Nf3 e6
23.Ng5 Bb4 24.Rxe6 Rxe6 25.Nxe6 Rg8 26.Kf3 Kd7 27.Nf4 g6 28.Nd3 Bd6 29.b4 Re8
30.c5 bxc5 31.bxc5 Bf8 32.Rb1 Re4 33.Rb8 Bg7 34.Rg8 Bf6 35.Rxg6 Ke7 36.Rh6 Rd4
37.Nf4 Rd2 38.Rh7+ Ke8 39.Ne6 Be5 40.Rxh5 Rxd5 41.Rxf5 Kd7 42.Nf4  1-0

[Event "Reykjavik Open 2013"]
[Site "Reykjavik ISL"]
[Date "2013.02.27"]
[Round "10.54"]
[White "Sverrisson,N"]
[Black "Ptacnikova,L"]
[Result "1-0"]
[WhiteElo "1990"]
[BlackElo "2269"]

1.e4 d5 2.exd5 Qxd5 3.Nc3 Qd6 4.d4 Nf6 5.Nf3 a6 6.Bc4 Nc6 7.Ng5 e6 8.Be3 Be7
9.Bb3 Na5 10.Qf3 Nxb3 11.axb3 O-O 12.O-O Bd7 13.Bf4 Qxd4 14.Bxc7 Bc6 15.Qe2 Qh4
16.Nh3 Bc5 17.Rfd1 Rfc8 18.Bg3 Qh6 19.Nf4 Qg5 20.Kf1 h5 21.h4 Qf5 22.Ra5 b5
23.Raa1 b4 24.Na4 Bb5 25.Nd3 Ne4 26.Qf3 Nxg3+ 27.fxg3 Qxf3+ 28.gxf3 Ba7 29.c4 bxc3
30.Nxc3 Bc6 31.Ne5 Bc5 32.Ke2 Bb4 33.Rd4 Be7 34.Rc4 Bb7 35.Nd7 Rxc4 36.bxc4 Rc8
37.b3 Rd8 38.Ne5 f6 39.Ng6 Bb4 40.Na2 Bd6 41.Rd1 Kf7 42.Nf4 g6 43.c5 Bc7
44.Rxd8 Bxd8 45.b4 e5 46.Nd3 Bc7 47.Nb2 Ke6 48.Nc3 g5 49.Nc4 gxh4 50.gxh4 f5
51.Ne3 Bd8 52.Ng2 Bc6 53.Kf2 Bf6 54.f4 e4 55.Ne2 Be8 56.Ke1 Bb5 57.Ng3 Bc3+
58.Kd1 Bxb4 59.Ne3 Bxc5 60.Nexf5 Bc6 61.Ng7+ Kf7 62.N7xh5 e3 63.Ne2 Bf3 64.Ng3 a5
65.Kc2 a4 66.Nc3 a3 67.Nge2 Kg6 68.Ng3 Bd6 69.Nce2 Be7 70.f5+ Kf6 71.Nd4 Bd5
72.Nge2 Ke5 73.h5 Bc5 74.h6 a2 75.Kb2 Bxd4+ 76.Nxd4 Bg8 77.Ne2 Kxf5 78.h7 Bxh7
79.Kxa2 Bg8+ 80.Kb2 Bc4 81.Nd4+ Ke5 82.Kc3 Bd3 83.Nb3 Bb5 84.Nd4 Ba4 85.Ne2 Bd1
86.Nc1 Bg4 87.Nd3+  1-0

[Event "TCh-ISL 2012-13"]
[Site "Reykjavik ISL"]
[Date "2013.03.02"]
[Round "6.5"]
[White "Stefansson,H"]
[Black "Danielsen,Hen"]
[Result "1/2-1/2"]
[WhiteElo "2509"]
[BlackElo "2501"]

1.e4 d5 2.exd5 Qxd5 3.Nc3 Qd6 4.d4 Nf6 5.Nf3 c6 6.g3 Bg4 7.Bg2 e6 8.h3 Bxf3
9.Bxf3 Be7 10.O-O O-O 11.Ne4 Nxe4 12.Bxe4 Nd7 13.c4 Nf6 14.Bf3 Rfd8 15.Be3 a5
16.Qc2 Qc7 17.Rfd1 Rd7 18.Rac1 a4 19.Kg2 Qa5 20.Rd3 Qf5 21.b3 e5 22.Rdd1 Qxc2  1/2-1/2

[Event "Zagreb Open A 2013"]
[Site "Zagreb CRO"]
[Date "2013.03.02"]
[Round "7.13"]
[White "Brkic,A"]
[Black "Matic,Z"]
[Result "1-0"]
[WhiteElo "2581"]
[BlackElo "2242"]

1.e4 d5 2.exd5 Qxd5 3.Nc3 Qd6 4.d4 c6 5.Nf3 Bg4 6.h3 Bh5 7.g4 Bg6 8.Ne5 e6
9.h4 Nf6 10.Bg2 Na6 11.h5 Bxc2 12.Qxc2 Qxd4 13.Qe2 Bb4 14.Bd2 Nd5 15.Bxd5 cxd5
16.Qb5+ Kf8 17.Nd7+ Kg8 18.Qxb7 Rd8 19.O-O-O Nc5 20.Qc7 Nd3+ 21.Kb1 Rxd7
22.Qxd7 Nxf2 23.Rhf1 h6 24.Bc1 Qxg4 25.Rxf2 Bxc3 26.Qxf7+  1-0

[Event "TCh-HUN 2012-13"]
[Site "Mako HUN"]
[Date "2013.03.03"]
[Round "8"]
[White "Szuk,B"]
[Black "Saric,S"]
[Result "1/2-1/2"]
[WhiteElo "2397"]
[BlackElo "2418"]

1.e4 d5 2.exd5 Qxd5 3.Nc3 Qd6 4.d4 Nf6 5.Nf3 c6 6.Ne5 Nbd7 7.Bf4 Nd5 8.Nxd5 Qxd5
9.Nf3 Nb6 10.Be2 Bf5 11.c3 Qe4 12.Bg3 Qc2 13.Qxc2 Bxc2 14.O-O e6 15.Rfe1 Be7
16.Ne5 Rd8 17.Nc4  1/2-1/2

[Event "3rd Ferdynand Dziedzica Mem"]
[Site "Trzcianka POL"]
[Date "2013.03.03"]
[Round "6.1"]
[White "Tazbir,M"]
[Black "Kovalenko,I"]
[Result "1-0"]
[WhiteElo "2555"]
[BlackElo "2596"]

1.e4 d5 2.exd5 Qxd5 3.Nc3 Qd6 4.g3 Nf6 5.Bg2 Nc6 6.Nf3 Bg4 7.h3 Qe6+ 8.Qe2 Qxe2+
9.Nxe2 Bd7 10.c3 e5 11.d4 exd4 12.Nexd4 Bc5 13.O-O O-O-O 14.Bg5 Nxd4 15.Nxd4 Bxd4
16.cxd4 Be6 17.Rfd1 c6 18.Rac1 Kb8 19.a3 Rd7 20.b4 Nd5 21.Rc5 Nb6 22.h4 a6
23.Bf4+ Ka8 24.Ra1 Bd5 25.Bf1 Bb3 26.b5 axb5 27.Bxb5 Rxd4 28.Rb1 Rd5 29.Rxd5 Bxd5
30.Bf1 Na4 31.Re1 h5 32.Re7 Be6 33.Kh2 Nc3 34.Bg2 Rg8 35.Be5 Nd5 36.Bxd5 Bxd5
37.Bd4 Be6 38.Bb6 Kb8 39.Kg2 Rc8 40.Bc5 g6 41.Kf3 Rd8 42.a4 Rd3+ 43.Ke2 Bc4
44.Ke1 b5 45.a5 b4 46.Bxb4 Rb3 47.Bd6+ Ka8 48.Bc5 Rb2 49.a6 Bxa6 50.Ra7+ Kb8
51.Rxa6 Kc7 52.Ra7+ Kd8 53.Rxf7 Rb5 54.Be3 c5 55.Kd2 Ke8 56.Rg7 Rb6 57.Bxc5 Rc6
58.Be3 Kf8 59.Ra7 Kg8 60.Bd4 Re6 61.Rg7+ Kf8 62.Rc7 Kg8 63.Kd3 Kf8 64.Rc5 Kf7
65.Rc7+ Kf8 66.Rb7 Kg8 67.Rb6  1-0

[Event "FSGM March 2013"]
[Site "Budapest HUN"]
[Date "2013.03.06"]
[Round "4.2"]
[White "Vishnu,P"]
[Black "Varga,Zo"]
[Result "0-1"]
[WhiteElo "2483"]
[BlackElo "2446"]

1.e4 d5 2.exd5 Qxd5 3.Nc3 Qd6 4.d4 Nf6 5.Nf3 Bg4 6.h3 Bh5 7.g4 Bg6 8.Ne5 Nbd7
9.Nb5 Qb6 10.Nc4 Qe6+ 11.Qe2 Qxe2+ 12.Bxe2 O-O-O 13.Nxa7+ Kb8 14.Nb5 Bxc2
15.Nxc7 Kxc7 16.Bf4+ e5 17.Bh2 b5 18.Nxe5 Kb6 19.Nxf7 Re8 20.Kf1 Rg8 21.Rc1 Be4
22.Bc7+ Kb7 23.f3 Bc6 24.Nd8+ Kxc7 25.Nxc6 Kb6 26.f4 Rc8 27.Bxb5 Nb8 28.g5 Nxc6
29.Rxc6+ Rxc6 30.Bxc6 Kxc6 31.gxf6 gxf6 32.Kf2 Bd6 33.Kf3 Kd5 34.Re1 f5 35.Re2 Rg1
36.Rg2 Rf1+ 37.Rf2 Rd1 38.Kg3 Rxd4 39.b3 Rd3+ 40.Rf3 Rd1 41.a4 Ke4 42.Rc3 Bxf4+
43.Kf2 Rd2+ 44.Ke1 Rb2 45.Kd1 Be3  0-1

[Event "TCh-CAT Div Hon 2013"]
[Site "Catalonia ESP"]
[Date "2013.03.09"]
[Round "8.3"]
[White "Alonso Moyano,J"]
[Black "Ayas Fernandez,A"]
[Result "1-0"]
[WhiteElo "2409"]
[BlackElo "2278"]

1.e4 d5 2.exd5 Qxd5 3.Nc3 Qd6 4.d4 Nf6 5.Bd3 c6 6.Nge2 Bg4 7.f3 Bh5 8.Bf4 Qd8
9.Qd2 e6 10.O-O-O Nbd7 11.Ne4 Nxe4 12.fxe4 Nf6 13.Qe3 Qa5 14.Kb1 O-O-O 15.c4 h6
16.h3 g5 17.Bh2 Bg7 18.g4 Bg6 19.e5 Bxd3+ 20.Rxd3 Nd7 21.Ra3 Qb4 22.c5 a6
23.Nc3 Nf8 24.Ra4  1-0

[Event "FIDE Women's World Teams"]
[Site "Astana KAZ"]
[Date "2013.03.10"]
[Round "7.1"]
[White "Milliet,S"]
[Black "Foisor,C"]
[Result "1/2-1/2"]
[WhiteElo "2401"]
[BlackElo "2401"]

1.e4 d5 2.exd5 Qxd5 3.Nc3 Qd6 4.d4 Nf6 5.Nf3 Bg4 6.h3 Bh5 7.g4 Bg6 8.Ne5 Nbd7
9.Nxg6 hxg6 10.Bg2 c6 11.Be3 Nb6 12.Qf3 e6 13.O-O-O Nbd5 14.Ne4 Nxe4 15.Qxe4 Be7
16.c4 Nxe3 17.fxe3 O-O 18.h4 f5 19.Qf3 Qb4 20.g5 Qxc4+ 21.Kb1 Kf7 22.h5 Ke8
23.hxg6 Qd5 24.Qh3 Qd7 25.e4 Bxg5 26.exf5 exf5 27.d5 c5 28.Rhe1+ Kd8 29.Qg3 Bf6
30.Re6 Kc8 31.Rde1 Qb5 32.b3 Bd8 33.d6 f4 34.Qf3 a5 35.Qd5 Kb8 36.a4 Qc6
37.Qxc6 bxc6 38.Bxc6 Ra6 39.Bb5 Rb6 40.Kc2 f3 41.Rf1 f2 42.Kd3 Rf6 43.Rxf6 Bxf6
44.Rxf2 Rxd6+ 45.Ke4 Kc7 46.Rf5 Kb6 47.Rd5 Rxd5  1/2-1/2

[Event "47th Begonia Open"]
[Site "Ballarat AUS"]
[Date "2013.03.11"]
[Round "6"]
[White "Cannon,David"]
[Black "Tan,Ju2"]
[Result "0-1"]
[WhiteElo "1630"]
[BlackElo "2269"]

1.e4 d5 2.exd5 Qxd5 3.Nc3 Qd6 4.d4 Nf6 5.Bd3 c6 6.Nge2 Bg4 7.f3 Bh5 8.Bf4 Qd8
9.O-O e6 10.Qd2 Be7 11.Bg3 O-O 12.Ne4 Bg6 13.c3 c5 14.Bf2 cxd4 15.cxd4 Nc6
16.Rac1 Rc8 17.Bb1 Nd5 18.N2c3 Qa5 19.Nxd5 Qxd5 20.Nc3 Qa5 21.Rfd1 Rfd8 22.Qe2 Bg5
23.Be3 Nxd4 24.Qf2 Bxe3 25.Qxe3 Qb6 26.Qf2 Rxc3 27.bxc3 Ne2+ 28.Kf1 Nxc1
29.Rxc1 Bxb1 30.Qxb6 Bd3+ 31.Kf2 axb6 32.Rd1 Rd5 33.a4 Kf8 34.Rc1 Ke7 35.Ke3 Bg6
36.c4 Rd3+ 37.Ke2 Kd6 38.h4 Kc5 39.h5 Rd4 40.hxg6 hxg6 41.Rb1 Rxc4 42.Kd3 Rxa4
43.Rc1+ Kd6 44.Rc2 b5 45.g4 Rc4 46.Rh2 Rc7 47.Rh7 b4 48.Rh1 b5 49.Ra1 Kd5
50.Ra5 Rd7 51.Kc2 Kc4 52.Ra8 b3+ 53.Kb1 Rd1+ 54.Kb2 Rd2+ 55.Kc1 b2+ 56.Kb1 Kb3
57.Rb8 Rd1+  0-1

[Event "Karpos Open 2013"]
[Site "Skopje MKD"]
[Date "2013.03.11"]
[Round "4.66"]
[White "Ranic,Viktor"]
[Black "Piskur,M"]
[Result "0-1"]
[WhiteElo "1937"]
[BlackElo "2301"]

1.e4 d5 2.exd5 Qxd5 3.Nc3 Qd8 4.d4 g6 5.Nf3 Bg7 6.Bc4 Nh6 7.h3 Nf5 8.Ne2 O-O
9.O-O b6 10.c3 Bb7 11.Nf4 Nd6 12.Bb3 Nd7 13.Re1 e6 14.Nd3 Ne4 15.Be3 Qc8
16.Qc1 c5 17.Bd1 Re8 18.Ba4 Rd8 19.Ng5 c4 20.Nxe4 Bxe4 21.Nf4 Nf6 22.Bd1 Qb7
23.f3 Bc6 24.Bc2 Rac8 25.a4 Ne8 26.Ne2 Nd6 27.Ng3 Nf5 28.Nxf5 gxf5 29.Bh6 Bf6
30.Bg5 Qe7 31.Bxf6 Qxf6 32.Qf4 h6 33.Kh2 Qg5 34.Qg3 Kg7 35.h4 Qxg3+ 36.Kxg3 Kf6
37.Kf4 Rd5 38.Re2 Ra5 39.Re5 Bd5 40.g4 fxg4 41.fxg4 b5 42.g5+ hxg5+ 43.hxg5+ Kg7
44.Ree1 Rh8 45.axb5 Rxb5 46.Rxa7 Rxb2 47.Re2 Rh3 48.g6 Rxc3 49.Rxf7+ Kg8
50.Kg5 Rbxc2 51.Rxc2 Rxc2 52.Rc7 c3 53.Kf6 Rf2+ 54.Kg5 c2 55.Rc8+ Kg7 56.Rc7+ Kf8
57.Rc8+ Ke7 58.g7 Rg2+ 59.Kh6 Be4  0-1

[Event "Karpos Open 2013"]
[Site "Skopje MKD"]
[Date "2013.03.12"]
[Round "5.78"]
[White "Vucinic,G"]
[Black "Ranic,Viktor"]
[Result "1-0"]
[WhiteElo "2253"]
[BlackElo "1937"]

1.e4 d5 2.exd5 Qxd5 3.Nc3 Qd6 4.d4 Nf6 5.Nf3 c6 6.Ne5 Nbd7 7.f4 Nb6 8.g4 g6
9.g5 Nfd7 10.Ne4 Qc7 11.Bg2 Nxe5 12.fxe5 Bf5 13.Qe2 Bxe4 14.Qxe4 h6 15.e6 fxe6
16.Bf4 Qd7 17.Qxg6+  1-0

[Event "Karpos Open 2013"]
[Site "Skopje MKD"]
[Date "2013.03.13"]
[Round "6.20"]
[White "Brkic,A"]
[Black "Bogdanovski,V"]
[Result "1-0"]
[WhiteElo "2584"]
[BlackElo "2444"]

1.e4 d5 2.exd5 Qxd5 3.Nc3 Qd8 4.d4 Nf6 5.Nf3 Bf5 6.Ne5 e6 7.g4 Bg6 8.Bg2 c6
9.h4 Bb4 10.a3 Bxc3+ 11.bxc3 Nd5 12.h5 f6 13.hxg6 fxe5 14.Rxh7 Rg8 15.dxe5 Nd7
16.f4 Qa5 17.Rh3 O-O-O 18.Bd2 Qa4 19.Bxd5 cxd5 20.Be3 Qe4 21.Qd3 Qg2 22.Rh5 Qxg4
23.Rg5 Qh4+ 24.Kd2 Nb6 25.Bxb6 axb6 26.Qg3 Rh8 27.Rf1 Qxg3 28.Rxg3 Rdf8 29.Rg5 Rh2+
30.Kd3 Kd7 31.f5 exf5 32.Rgxf5  1-0

[Event "Karpos Open 2013"]
[Site "Skopje MKD"]
[Date "2013.03.14"]
[Round "7.46"]
[White "Firat,B"]
[Black "Duman,A"]
[Result "0-1"]
[WhiteElo "2428"]
[BlackElo "2249"]

1.e4 d5 2.exd5 Qxd5 3.Nc3 Qd6 4.d4 c6 5.Nf3 Bg4 6.Bc4 Nf6 7.Be3 Nbd7 8.h3 Bh5
9.Bb3 e6 10.g4 Bg6 11.Nh4 Qc7 12.Nxg6 hxg6 13.Qf3 Bd6 14.O-O-O Nb6 15.g5 Nh5
16.Ne4 Bf4 17.c4 O-O-O 18.Bxf4 Qxf4+ 19.Qxf4 Nxf4 20.c5 Nbd5 21.Nd6+ Rxd6
22.cxd6 Kd7 23.Bxd5 Nxd5 24.h4 Kxd6 25.Kd2 Ne7 26.Kd3 Nf5 27.Ke4 Ke7 28.Rd3 Rd8
29.h5 gxh5 30.Rxh5 Nd6+ 31.Ke5 Nc4+ 32.Kf4 Rd5 33.Rh7 g6 34.Rh8 e5+ 35.Kg3 exd4
36.f4 Rd7 37.f5 gxf5 38.Kf4 Nxb2 39.Rd2 Nc4 40.g6 fxg6 41.Rh7+ Kf6 42.Rxd7 g5+
43.Kg3 Nxd2 44.Rxd4 Ne4+ 45.Kf3 Ke5 46.Rd7 g4+ 47.Ke2 Nd6 48.Re7+ Kd5 49.Ke3 a5
50.Kf4 b5 51.Re5+ Kd4 52.Re6 Kc5 53.Re5+ Kb6 54.Re6 Ne4 55.Kxf5 Nc3 56.a3 b4
57.axb4 axb4 58.Re3 Kb5 59.Kxg4 Ka4 60.Rh3 b3 61.Rh2 Ka3  0-1

[Event "Karpos Open 2013"]
[Site "Skopje MKD"]
[Date "2013.03.16"]
[Round "9.20"]
[White "Dastan,B"]
[Black "Djukic,Ni"]
[Result "1/2-1/2"]
[WhiteElo "2371"]
[BlackElo "2545"]

1.e4 d5 2.exd5 Qxd5 3.Nc3 Qd8 4.d4 Nf6 5.Nf3 Bg4 6.h3 Bxf3 7.Qxf3 c6 8.Be3 e6
9.Bd3 Nbd7 10.O-O Bd6 11.Rad1 O-O 12.Ne4 Nxe4 13.Qxe4 g6 14.c4 Re8 15.f4 Qc7
16.Qf3 c5 17.Kh1 cxd4 18.Bxd4 Rad8 19.b3 Bf8 20.Be4 Nc5 21.Bc2 Bg7 22.Bxg7 Kxg7
23.b4 Nd7 24.Ba4 Rf8 25.c5 Nf6 26.Qc3 Rxd1 27.Bxd1 Qe7 28.Bf3 Kg8 29.Rd1 Rc8
30.Bxb7 Qxb7 31.Qxf6 Qxb4 32.Rd8+ Rxd8 33.Qxd8+ Kg7 34.c6 Qxf4 35.c7 Qf1+
36.Kh2 Qf4+ 37.Kg1 Qc1+ 38.Kf2 Qf4+ 39.Ke2 Qc4+ 40.Kd2 Qb4+ 41.Ke3 Qc3+ 42.Ke2 Qc2+
43.Ke3 Qc3+ 44.Kf4 Qc4+ 45.Ke5 Qc5+ 46.Ke4 Qc6+ 47.Kd4 Qb6+ 48.Kc4 Qc6+ 49.Kb3 Qb5+
50.Kc2 Qc4+ 51.Kd1 Qa4+ 52.Ke1 Qe4+ 53.Kd2 Qb4+ 54.Kc1 Qc4+ 55.Kb2 Qb4+ 56.Kc2 Qc4+
57.Kd2 Qb4+ 58.Kd3 Qb5+ 59.Ke4 Qc6+ 60.Kf4 Qc4+ 61.Kg3 Qc3+  1/2-1/2

[Event "Karpos Open 2013"]
[Site "Skopje MKD"]
[Date "2013.03.16"]
[Round "9.79"]
[White "Minas,I"]
[Black "Ranic,Viktor"]
[Result "1-0"]
[WhiteElo "2019"]
[BlackElo "1937"]

1.e4 d5 2.exd5 Qxd5 3.Nc3 Qd6 4.d4 Nf6 5.Nf3 c6 6.h3 Bf5 7.Bd3 Bxd3 8.Qxd3 Nbd7
9.Bd2 e6 10.O-O-O Be7 11.Rhe1 h6 12.Kb1 O-O-O 13.g3 Qc7 14.Bf4 Bd6 15.Bxd6 Qxd6
16.a3 Qc7 17.Qe2 Kb8 18.Ne5 Rhf8 19.f4 Nb6 20.Ne4 Nfd5 21.Nc5 Nc8 22.Rd3 Ka8
23.Qf3 Nd6 24.Rb3 Nb6 25.a4 Ndc4 26.Nxc4 Nxc4 27.Qc3 Nd6 28.Qb4 Rb8 29.a5 Rfd8
30.Na4 Nc8 31.Nb6+ Nxb6 32.axb6 Qd7 33.bxa7 Rbc8 34.f5 Rc7 35.fxe6 fxe6 36.Qb6 Rdc8
37.Rbe3 Re8 38.Rxe6 Rxe6 39.Rxe6 Qxe6 40.Qxc7 Kxa7 41.Qa5+ Kb8 42.h4 Qg4
43.Qe5+ Ka7 44.b3 Qd7 45.Kb2 b6 46.h5 Qf7 47.c4 Ka6 48.Qb8 Qb7 49.Qxb7+ Kxb7
50.b4  1-0

[Event "TCh-SWE Elite 2012-13"]
[Site "Sweden SWE"]
[Date "2013.03.17"]
[Round "9"]
[White "Kenneskog,Theodor"]
[Black "Brustkern,J"]
[Result "1-0"]
[WhiteElo "2203"]
[BlackElo "2237"]

1.e4 d5 2.exd5 Qxd5 3.Nc3 Qd6 4.d4 Nf6 5.Nf3 a6 6.g3 Bg4 7.Bg2 Nc6 8.O-O O-O-O
9.d5 Nb4 10.Bf4 Qc5 11.Be3 Qd6 12.Qe2 Nbxd5 13.Nxd5 Nxd5 14.Rfd1 Qf6 15.c4 Nxe3
16.Rxd8+ Kxd8 17.Qxe3 Qxb2 18.Rd1+ Ke8 19.Qf4 h5 20.Qxc7 f6 21.Nh4 Qc2 22.Rd8+ Kf7
23.Bd5+ Be6 24.Bxe6+ Kxe6 25.Qd7+  1-0

[Event "TCh-SUI 2013"]
[Site "Switzerland SUI"]
[Date "2013.03.17"]
[Round "1.8"]
[White "Good,D"]
[Black "Ramseyer,Thomas"]
[Result "1/2-1/2"]
[WhiteElo "2226"]
[BlackElo "2109"]

1.e4 d5 2.exd5 Qxd5 3.Nc3 Qd6 4.d4 Nf6 5.Nf3 a6 6.Be2 b5 7.O-O Nc6 8.Bg5 Bb7
9.Bh4 e6 10.Bg3 Qd7 11.Qd2 Bb4 12.Qg5 Be7 13.Rad1 h6 14.Qe3 O-O 15.Ne5 Nxe5
16.Bxe5 b4 17.Nb1 Rac8 18.Nd2 Qa4 19.Bd3 Qc6 20.Qh3 Rfd8 21.Rfe1 Qe8 22.Nb3 Nd7
23.Bf4 Nf8 24.Re3 f5 25.Bc4 Bd5 26.Bxa6 Ra8 27.Bd3 Rxa2 28.Qg3 Qh5 29.Be2 Qh4
30.Bxc7 Qxg3 31.Bxg3 Rxb2 32.Bd3 Bxb3 33.cxb3 Rxb3 34.Be5 g5 35.Bc4 Rxe3
36.fxe3 Kf7 37.Rf1 Kg6 38.Ra1 Rc8 39.Bb5 b3 40.Rb1 Rc3 41.Be8+ Kh7 42.Ba4 Ng6  1/2-1/2

[Event "29th Spring Festival"]
[Site "Budapest HUN"]
[Date "2013.03.20"]
[Round "3.14"]
[White "Dlauchy,P"]
[Black "Grimm,G"]
[Result "0-1"]
[WhiteElo "1832"]
[BlackElo "2066"]

1.e4 d5 2.exd5 Qxd5 3.Nc3 Qd6 4.d4 c6 5.Nf3 Nf6 6.Bd3 Bg4 7.Be3 Nbd7 8.O-O e6
9.a3 Qc7 10.Re1 Bd6 11.h3 Bh5 12.Qe2 O-O 13.Rad1 Rfe8 14.Kh1 e5 15.dxe5 Nxe5
16.Rg1 Nxf3 17.gxf3 Qe7 18.Kg2 Qe5 19.Rh1 Bxa3 20.Qd2 Bc5 21.Rde1 Bxe3 22.Qxe3 Qd6
23.Qg5 Bg6 24.Ne4 Nxe4 25.fxe4 Qd4 26.Qf4 b6 27.b3 Re7 28.Re2 Rae8 29.Rhe1 f5
30.f3 fxe4 31.fxe4 b5 32.Qg4 Qc5 33.Re3 Qe5 34.Kg1 Rf8 35.Rf1 Rxf1+ 36.Kxf1 Be8
37.Kg2 Re6 38.Kh1 Bh5 39.Qg2 Rg6 40.Qf2 Rf6 41.Qg2 Qf4 42.Rg3 Bf3 43.Rxg7+ Kf8  0-1

[Event "44th Marcel Duchamp"]
[Site "Buenos Aires ARG"]
[Date "2013.03.24"]
[Round "2.36"]
[White "Allo,E"]
[Black "Pineiro,Dar"]
[Result "1-0"]
[WhiteElo "1962"]
[BlackElo "2194"]

1.e4 d5 2.exd5 Qxd5 3.Nc3 Qd6 4.d4 Nf6 5.Nf3 a6 6.Bc4 b5 7.Bb3 Nbd7 8.O-O Bb7
9.Ng5 e6 10.Re1 Be7 11.Nxe6 fxe6 12.Rxe6 Qb4 13.a3 Qa5 14.Qe2 O-O-O 15.Rxe7 Rhe8
16.Bf4 b4 17.Na4 bxa3 18.bxa3 Qf5 19.Bg3 Ne4 20.Rxe8 Rxe8 21.Re1 Rf8 22.f3 Nxg3
23.Qe8+  1-0

[Event "Norwegian Open 2013"]
[Site "Fagernes NOR"]
[Date "2013.03.24"]
[Round "4"]
[White "Rozentalis,E"]
[Black "Dolzhikova,O"]
[Result "1-0"]
[WhiteElo "2616"]
[BlackElo "2270"]

1.e4 d5 2.exd5 Qxd5 3.Nc3 Qd6 4.d4 Nf6 5.Be2 a6 6.Nf3 Bg4 7.h3 Bh5 8.Be3 e6
9.Qd2 Nc6 10.O-O-O O-O-O 11.a3 Qd7 12.g4 Bg6 13.Nh4 Nd5 14.Nxg6 hxg6 15.Nxd5 exd5
16.h4 Kb8 17.h5 gxh5 18.gxh5 Ne7 19.Rdg1 Nc8 20.Bg4 Qa4 21.Bxc8 Kxc8 22.Qd3 Qd7
23.Bf4 Re8 24.f3 Re6 25.Kb1 Qe8 26.Ka2 Qd7 27.Be5 f6 28.Bf4 Rb6 29.Re1 Bd6
30.Bxd6 Rxd6 31.Qg6 f5 32.Qg5 Rf6 33.Re5 Qf7 34.Rhe1 b6 35.Re7 Qxh5 36.Qxg7 Rc6
37.c3 Rd8 38.R1e6 Rc4 39.Rxb6 Qxf3 40.Qf6 Qf2 41.Qe6+  1-0

[Event "LEM Schleswig-Holstein 2013"]
[Site "Neumuenster GER"]
[Date "2013.03.24"]
[Round "2.8"]
[White "Homuth,M"]
[Black "Haenjes,F"]
[Result "1-0"]
[WhiteElo "2166"]
[BlackElo "2125"]

1.e4 d5 2.exd5 Qxd5 3.Nc3 Qd6 4.d4 Nf6 5.Nf3 Bg4 6.h3 Bd7 7.Be3 a6 8.Ne5 Be6
9.Be2 Nc6 10.Nxc6 bxc6 11.Qd2 Bd5 12.O-O Ne4 13.Nxe4 Bxe4 14.c4 Qg6 15.f3 Bf5
16.Kh1 h5 17.Bf4 e5 18.Bxe5 Bd6 19.Qf4 Kd7 20.c5 Bxe5 21.dxe5 Be6 22.Rfd1+ Ke7
23.Qh4+ f6 24.Bd3 Qg5 25.exf6+ gxf6 26.Qe4 Rhg8 27.f4 Qg7 28.f5  1-0